[Event "St Chely d'Aubrac op 9th"]
[Site "St Chely d'Aubrac"]
[Date "2009.07.12"]
[Round "2"]
[White "Vincens, Patrice"]
[Black "Grange, Emmanuel"]
[Result "1-0"]
[WhiteElo "1230"]
[BlackElo "1499"]
[PlyCount "59"]
[EventDate "2009.07.11"]
[EventType "swiss"]
[EventRounds "9"]
[EventCountry "FRA"]
[SourceTitle "EXT 2010"]
[Source "ChessBase"]
[SourceDate "2010.11.25"]
[SourceVersion "1"]
[SourceVersionDate "2010.11.25"]
[SourceQuality "1"]

1. e4 e5 2. Nf3 d6 3. Bc4 Bg4 4. h3 Bh5 5. d3 c6 6. Nc3 Nf6 7. Bg5 h6 8. Bxf6 gxf6 9. Qd2 Nd7 10. 0-0-0 Bxf3 11. gxf3 h5 12. Rhg1 Bh6 13. Qxh6 Rxh6 14. Rg8+ Nf8 15. Rdg1 Rg6 16. R1xg6 fxg6 17. Rg7 Qb6 18. Bf7+ Kd8 19. Rg8 Kc7 20. Bxg6 Qxf2 21. Rg7+ Kb6 22. Bxh5 Ne6 23. Nd1 Nd4 24. Nxf2 f5 25. exf5 Nxf5 26. Rg6 Kc5 27. Ne4+ Kd5 28. Bg4 Rf8 29. Nf6+ Ke6 30. Nh7+ 1-0